000 00744nam a2200265Ia 4500
001 Para_1941
003 CHAP
008 220125s1994 xx 000 0 und d
010 _a200548
040 _cCHAP
082 _aPA 589.23 H35
100 _aHawKsworth, David L.
_9165408
245 _aAscomycete systematics. problems and perspectives in the nineties /
_c by David L. HawKsworth
260 _aNew York . Plenum Press
300 _a453 p.
440 _aNato asi series a : life sciences; 269
_9165409
650 _aAscomicetos
_97881
901 _aPA 589.23 H35
902 _aA
905 _a0000001994 a 0000000000 00
910 _a1994
942 _cPARA
942 _cPARA
_d1
999 _c200548
_d200548